Centroamérica: la democracia como experiencia y posibilidad
Gespeichert in:
| 1. Verfasser: | |
|---|---|
| Format: | Text |
| Veröffentlicht: |
San José:
ICADIS
|
| Tags: |
Tag hinzufügen
Keine Tags, Fügen Sie den ersten Tag hinzu!
|
MARC
| LEADER | 00000 a a2200000 04500 | ||
|---|---|---|---|
| 001 | 24287 | ||
| 003 | |||
| 040 | |a CRAI/IIS |c CRAI/IIS | ||
| 090 | |a 166500 | ||
| 100 | |a Menjívar Larín, Rafael | ||
| 245 | |a Centroamérica: la democracia como experiencia y posibilidad | ||
| 260 | |a San José: |b ICADIS | ||
| 300 | |a 86 p. |b **no definido** | ||
| 999 | |c 1679 |d 1679 | ||
